Pokémon PWT : Champions d'Hoenn - Statistiques

Statistiques générales
  • Ce quiz a été pris 76 fois
  • Le résultat moyen est 41 sur 54
Statistiques - réponses
Indice Réponse % Correct
Norman Monaflémit
100%
Tatia Séléroc
97%
Lévy Solaroc
97%
Adriane Chartor
94%
Voltère Élecsprint
94%
Bastien Hariyama
94%
Adriane Camérupt
91%
Voltère Raichu
91%
Bastien Charmina
88%
Voltère Électrode
88%
Roxanne Tarinorme
88%
Bastien Mackogneur
88%
Voltère Magnézone
88%
Lévy Kaorine
85%
Tatia Kaorine
85%
Adriane Volcaropod
85%
Alizée Altaria
82%
Roxanne Grolem
82%
Alizée Héledelle
82%
Alizée Bekipan
79%
Adriane Braségali
79%
Norman Brouhabam
79%
Lévy Gallame
79%
Voltère Négapi
79%
Voltère Posipi
79%
Roxanne Relicanth
79%
Juan Colhomard
76%
Tatia Gardevoir
76%
Juan Kaimorse
76%
Norman Spinda
76%
Alizée Tropius
76%
Alizée Airmure
74%
Lévy Xatu
74%
Tatia Xatu
74%
Roxanne Armaldo
71%
Bastien Chapignon
68%
Roxanne Vacilys
68%
Juan Hyporoi
68%
Bastien Kapoera
68%
Adriane Maganon
68%
Juan Rosabyss
68%
Juan Serpang
68%
Juan Barbicha
65%
Adriane Démolosse
65%
Roxanne Galeking
65%
Norman Morphéo
62%
Lévy Groret
59%
Tatia Groret
59%
Norman Kecleon
59%
Norman Mangriff
59%
Bastien Scarhino
56%
Alizée Corboss
47%
Lévy Éoko
41%
Tatia Éoko
41%
Aucun quiz correspondant
Distribution des résultats
% des personnes avec chaque résultat
Percentile par nombre de réponses
Votre historique - résultats
Vous n’avez pas pris ce quiz